|
|
|
|
| LEADER |
00762nab a2200217 i 4500 |
| 001 |
acta8736 |
| 005 |
20240426150627.0 |
| 008 |
161015s2004 hu o 000 hun d |
| 022 |
|
|
|a 1586-0116
|
| 040 |
|
|
|a SZTE Egyetemi Kiadványok Repozitórium
|b hun
|
| 041 |
|
|
|a hun
|
| 100 |
1 |
|
|a Gyuris Gergely
|
| 245 |
1 |
3 |
|a Az olvasó jelentésképző szándéka
|h [elektronikus dokumentum] :
|b Bret Easton Ellis: Glamoráma /
|c Gyuris Gergely
|
| 260 |
|
|
|a Pompeji Alapítvány
|b Szeged
|c 2004
|
| 300 |
|
|
|a 68-79
|
| 490 |
0 |
|
|a Fosszília
|
| 650 |
|
4 |
|a Bölcsészettudományok
|
| 650 |
|
4 |
|a Nyelvek és irodalom
|
| 695 |
|
|
|a Amerikai irodalom története
|
| 700 |
0 |
1 |
|a Ellis Bret Easton
|
| 856 |
4 |
0 |
|u http://acta.bibl.u-szeged.hu/8736/1/fosszilia_2004_4_068-079.pdf
|z Dokumentum-elérés
|